000 00367 a2200109 4500
001 ART_17810
005 20260410161700.0
008 260409a
245 1 0 _aDe la apertura a la crisis financiera.Un análisis de la experiencia argentina de 1977-1982.
100 1 _aFrenkel, Roberto
773 0 _tEnsayos Económicos
_g- Nº 37 (mar. 1987)
_wREV620
999 _c15113
_d15113